[Event "Montigny le Bretonneux op 24th"]
[Site "Montigny le Bretonneux"]
[Date "2022.05.28"]
[Round "6"]
[White "Koutchinsky, Gabriel"]
[Black "Maurel, Thibaud"]
[Result "1/2-1/2"]
[WhiteElo "1290"]
[BlackElo "1457"]
[PlyCount "148"]
[EventDate "2022.05.26"]
[EventType "swiss"]
[EventRounds "9"]
[EventCountry "FRA"]
[SourceTitle "CBM 208 Extra"]
[Source "ChessBase"]
[SourceDate "2022.07.31"]
[SourceVersion "1"]
[SourceVersionDate "2022.07.31"]
[SourceQuality "1"]

1. c4 e6 2. Nc3 d5 3. cxd5 exd5 4. d4 Nf6 5. Nf3 c6 6. Qb3 Bd6 7. Bg5 h6 8. Bh4 Qe7 9. e3 Nbd7 10. Bd3 Nb6 11. 0-0 Bg4 12. Be2 Qc7 13. Bg3 Bxg3 14. fxg3 0-0 15. Ne5 Bxe2 16. Nxe2 Nfd7 17. Nxd7 Qxd7 18. Qd3 Rae8 19. b3 Re7 20. Nf4 Rfe8 21. Rf3 a5 22. Raf1 a4 23. Qd2 axb3 24. axb3 Ra8 25. Nd3 f6 26. Nc5 Qd6 27. Qc2 Nd7 28. Qg6 Kh8 29. Nxd7 Qxd7 30. g4 Rae8 31. g5 hxg5 32. Rh3+ Kg8 33. Rxf6 Qxh3 34. gxh3 Rxe3 35. Qxg5 Rxb3 36. Rf1 Re6 37. Qd8+ Kh7 38. Qf8 Rxh3 39. Qf5+ Rg6+ 40. Kh1 Rhh6 41. Rg1 b6 42. Qb1 c5 43. Rxg6 Rxg6 44. dxc5 bxc5 45. Qf5 d4 46. Qxc5 d3 47. Qd4 Kg8 48. Qxd3 Kf7 49. Qf5+ Rf6 50. Qd5+ Kf8 51. h4 Ke7 52. Kg2 Kf8 53. Kg3 Ke7 54. h5 Kf8 55. Kg4 Ke7 56. Qb7+ Kf8 57. Qc8+ Kf7 58. Kg5 Rh6 59. Qd7+ Kg8 60. Qe8+ Kh7 61. Qf7 Rf6 62. Qa2 Rh6 63. Qa8 Rf6 64. Qb8 Rh6 65. Qh2 Rf6 66. Qc2+ Kg8 67. Qc4+ Kh7 68. Qe4+ Kg8 69. Qe8+ Kh7 70. Qg6+ Rxg6+ 71. hxg6+ Kg8 72. Kf5 Kf8 73. Ke6 Ke8 74. Kd6 Kd8 1/2-1/2